000 00511nam a2200181Ia 4500
001 7393
005 20260306160452.0
008 260306t2004||||xx |||||||||||||| ||spa||
041 _aESP
082 _a338.9
_bP87
100 _aPrograma de las Naciones Unidas para el Desarrollo
_eAUT
245 0 _aInforme sobre desarrollo humano 2004:
_bla libertad cultural en el mundo diverso de hoy
260 _c2004
300 _a285 páginas :
_c28 cm.
650 _aGEN
654 _aCAN
942 _cLIB
_dJUS
_fJUS
_2ddc
_n
999 _c7393
_d7393